<?xml version="1.0" encoding="UTF-8"?><?xml-stylesheet type="text/xsl" href="static/style.xsl"?><OAI-PMH xmlns="http://www.openarchives.org/OAI/2.0/" xmlns:xsi="http://www.w3.org/2001/XMLSchema-instance" xsi:schemaLocation="http://www.openarchives.org/OAI/2.0/ http://www.openarchives.org/OAI/2.0/OAI-PMH.xsd"><responseDate>2026-06-01T05:44:21Z</responseDate><request verb="GetRecord" identifier="oai:riuma.uma.es:10630/38532" metadataPrefix="marc">https://riuma.uma.es/rest/oai/request</request><GetRecord><record><header><identifier>oai:riuma.uma.es:10630/38532</identifier><datestamp>2026-02-03T11:23:49Z</datestamp><setSpec>com_10630_2254</setSpec><setSpec>col_10630_37953</setSpec></header><metadata><record xmlns="http://www.loc.gov/MARC21/slim" xmlns:dcterms="http://purl.org/dc/terms/" xmlns:doc="http://www.lyncode.com/xoai" xmlns:xsi="http://www.w3.org/2001/XMLSchema-instance" xsi:schemaLocation="http://www.loc.gov/MARC21/slim http://www.loc.gov/standards/marcxml/schema/MARC21slim.xsd">
   <leader>00925njm 22002777a 4500</leader>
   <datafield ind2=" " ind1=" " tag="042">
      <subfield code="a">dc</subfield>
   </datafield>
   <datafield ind2=" " ind1=" " tag="720">
      <subfield code="a">Haro Paez, Sara</subfield>
      <subfield code="e">author</subfield>
   </datafield>
   <datafield ind2=" " ind1=" " tag="720">
      <subfield code="a">Mucheye, T.</subfield>
      <subfield code="e">author</subfield>
   </datafield>
   <datafield ind2=" " ind1=" " tag="720">
      <subfield code="a">Caballero, I.</subfield>
      <subfield code="e">author</subfield>
   </datafield>
   <datafield ind2=" " ind1=" " tag="720">
      <subfield code="a">Priego, B.</subfield>
      <subfield code="e">author</subfield>
   </datafield>
   <datafield ind2=" " ind1=" " tag="720">
      <subfield code="a">Gonzalez, C. J.</subfield>
      <subfield code="e">author</subfield>
   </datafield>
   <datafield ind2=" " ind1=" " tag="720">
      <subfield code="a">Corzo, A.</subfield>
      <subfield code="e">author</subfield>
   </datafield>
   <datafield ind2=" " ind1=" " tag="720">
      <subfield code="a">Papaspyrou, S.</subfield>
      <subfield code="e">author</subfield>
   </datafield>
   <datafield ind2=" " ind1=" " tag="260">
      <subfield code="c">2025-01-17</subfield>
   </datafield>
   <datafield ind2=" " ind1=" " tag="520">
      <subfield code="a">Intertidal mudflats are among the most productive coastal ecosystems, largely because of the activity of the photosynthetic microbial community on the sediment surface, known as microphytobenthos (MPB). While the dynamics of MPB have been extensively studied in temperate estuaries, there is limited research in tropical estuaries. To address this knowledge gap, we investigated the spatio-temporal dynamics of MPB in the Nicoya Gulf (Costa Rica), one of the world's most productive tropical estuaries, using Sentinel-2 images at 10 m spatial resolution from 2018 to 2022. We used Normalized Difference Vegetation Index (NDVI) values ranging from 0 to 0.4 to monitor MPB cover and growth rates (μNDVI, days−1). Analysis of data using Generalized Additive Models (GAM) showed that up to 62 % of the temporal variability in average MPB NDVI, peaking in late wet and early dry seasons (November–December), can be explained by years and months. The high temperatures and irradiance during the dry season (December to April) in the Nicoya estuary may inhibit MPB growth, contrasting with patterns observed in temperate estuaries. We observed higher MPB NDVI in the upper intertidal zone (mean sea level > 0.5 m) as usually occurs in temperate estuaries. This research highlights the importance of high-resolution satellite imagery for long-term monitoring of MPB dynamics in tropical tidal flats, offering a valuable tool for estimating ecosystem services provided by intertidal MPB, such as primary production, climate regulation, and nutrient cycling on a global scale.</subfield>
   </datafield>
   <datafield ind1="8" ind2=" " tag="024">
      <subfield code="a">Haro, S., Mucheye, T., Caballero, I., Priego, B., Gonzalez, C. J., Gómez-Ramírez, E. H., Corzo, A., &amp; Papaspyrou, S. (2025). Microphytobenthos spatio-temporal dynamics across an intertidal gradient in a tropical estuary using Sentinel-2 imagery. Science of The Total Environment, 963, 178516. https://doi.org/10.1016/J.SCITOTENV.2025.178516</subfield>
   </datafield>
   <datafield ind1="8" ind2=" " tag="024">
      <subfield code="a">https://hdl.handle.net/10630/38532</subfield>
   </datafield>
   <datafield ind1="8" ind2=" " tag="024">
      <subfield code="a">10.1016/j.scitotenv.2025.178516</subfield>
   </datafield>
   <datafield tag="653" ind2=" " ind1=" ">
      <subfield code="a">Marismas salobres - Costa Rica</subfield>
   </datafield>
   <datafield tag="653" ind2=" " ind1=" ">
      <subfield code="a">Teledetección</subfield>
   </datafield>
   <datafield tag="653" ind2=" " ind1=" ">
      <subfield code="a">Floraciones de algas</subfield>
   </datafield>
   <datafield ind2="0" ind1="0" tag="245">
      <subfield code="a">Microphytobenthos spatio-temporal dynamics across an intertidal gradient in a tropical estuary using Sentinel-2 imagery</subfield>
   </datafield>
</record>
</metadata></record></GetRecord></OAI-PMH>